|
|
|
|
| LEADER |
00945nam a2200253 a 4500 |
| 001 |
10679615 |
| 008 |
100121s1983 ii a b 001 0 eng d |
| 020 |
|
|
|a 0706922131
|
| 020 |
|
|
|a 0706922123
|
| 040 |
|
|
|a CLA
|c CLA
|d m/c
|d NOC
|d DB-DhAAL
|
| 082 |
0 |
0 |
|a 331.11
|2 19
|
| 100 |
1 |
|
|a Premi, Mahendra K.
|
| 245 |
1 |
3 |
|a An introduction to social demography /
|c M.K. Premi, A. Ramanamma, Usha Bambawale.
|
| 260 |
|
|
|a New Delhi :
|b Vikas,
|c c1983.
|
| 300 |
|
|
|a vii, 214 p. :
|b ill. ;
|c 22 cm.
|
| 504 |
|
|
|a Includes bibliographical references and index.
|
| 541 |
1 |
|
|e 00001847
|
| 650 |
|
0 |
|a Demography.
|
| 651 |
|
0 |
|a India
|x Population.
|
| 700 |
1 |
|
|a Ramanamma, A.,
|d 1936-
|
| 700 |
1 |
|
|a Bambawale, Usha.
|
| 852 |
4 |
|
|a Ayesha Abed Library
|j General Shelf.
|
| 999 |
|
|
|c 7112
|d 7112
|
| 952 |
|
|
|0 0
|1 0
|2 ddc
|4 0
|6 331_110000000000000_PRE_1983
|7 0
|9 7384
|a BRACUL
|b BRACUL
|c GEN
|d 2010-01-21
|g 82.50
|l 1
|o 331.11 PRE
|p 3010001847
|r 2023-01-17
|s 2013-09-03
|t 1
|w 2010-01-21
|y BK
|